Matematičeskije metody i intenzifikacija proizvodstva

Gespeichert in:
Bibliographische Detailangaben
Format: Buch
Sprache:Russisch
Veröffentlicht: Kišinev Štiinca 1987
Ausgabe:1. izd.
Tags: Tag hinzufügen
Keine Tags, Fügen Sie das erste Tag hinzu!

MARC

LEADER 00000nam a2200000 4500
001 c033808
005 20221219131715.2
041 0 |a rus 
044 |a MD 
245 1 0 |a Matematičeskije metody i intenzifikacija proizvodstva 
250 |a 1. izd. 
264 1 |a Kišinev  |b Štiinca  |c 1987 
300 |a 81 s.